[Event "Sardinia World Open A"]
[Site "Orosei ITA"]
[Date "2025.04.30"]
[Round "5.18"]
[White "Fulgentini, Edoardo"]
[Black "Adharsh K"]
[Result "0-1"]
[BlackTitle "FM"]
[WhiteElo "2113"]
[BlackElo "2317"]
[WhiteFideId "28557050"]
[BlackFideId "25718207"]
[EventDate "2025.04.27"]

1. e4 c5 2. Nf3 d6 3. d4 cxd4 4. Nxd4 Nf6 5. Nc3 Nc6 6. Bc4 e6 7. Be3 Be7 8. Qe2
a6 9. Bb3 Qc7 10. O-O-O b5 11. Nxc6 Qxc6 12. g4 Bb7 13. f3 O-O-O 14. Qf2 Kb8 15.
a4 Nd7 16. axb5 axb5 17. Qe2 b4 18. Na4 Nc5 19. Nxc5 dxc5 20. Bc4 Qa4 21. Kb1
Kc7 22. Bf4+ Kb6 23. Be5 Ra8 24. b3 Qa2+ 25. Kc1 Bg5+ 26. Rd2 Rhd8 27. Bd3 Rd4
28. Bxd4 cxd4 29. c3 bxc3 0-1

[Event "Sardinia World Open A"]
[Site "Orosei ITA"]
[Date "2025.04.30"]
[Round "5.19"]
[White "Dalaud, Dorian"]
[Black "Deboushnik De"]
[Result "1-0"]
[WhiteTitle "FM"]
[WhiteElo "2303"]
[BlackElo "2038"]
[WhiteFideId "36093270"]
[BlackFideId "25768778"]
[EventDate "2025.04.27"]

1. e4 c5 2. Nc3 a6 3. d4 cxd4 4. Qd2 d3 5. Qxd3 Nc6 6. Qe3 e6 7. Qg3 d6 8. f4 h5
9. Be3 Nf6 10. O-O-O Qa5 11. Kb1 b5 12. Bd3 Bb7 13. Nf3 Nb4 14. Nd2 Rc8 15. Nb3
Qc7 16. a3 Nxd3 17. cxd3 d5 18. e5 Nd7 19. Rc1 Qb8 20. f5 h4 21. Qg5 Qxe5 22.
fxe6 fxe6 23. Qg6+ Kd8 24. Bg5+ Be7 25. Bxe7+ Kxe7 26. Rce1 Qf6 27. Qg4 Rhf8 28.
Qb4+ Kd8 29. a4 e5 30. axb5 d4 31. Ne4 Bxe4 32. Rxe4 axb5 33. Rhe1 Rc7 34. Qxb5
Qc6 35. Qxc6 Rxc6 36. Na5 Rg6 37. R1e2 h3 38. gxh3 Rf3 39. Rg4 Rh6 40. Rxg7 Rxd3
41. Nb7+ Kc8 42. Rxd7 Rd1+ 43. Kc2 d3+ 44. Rxd3 Rxd3 45. Kxd3 Rxh3+ 46. Re3 e4+
47. Kd4 Rxh2 48. Nd6+ Kd7 49. Nc4 Kc6 50. Rxe4 Kb5 51. Kc3 Rh3+ 52. Re3 Rh6 53.
Re5+ Kc6 54. Rg5 1-0

[Event "Sardinia World Open A"]
[Site "Orosei ITA"]
[Date "2025.04.30"]
[Round "5.20"]
[White "Perossa, Nicolas"]
[Black "Verga, Francesco"]
[Result "1-0"]
[WhiteTitle "FM"]
[WhiteElo "2274"]
[BlackElo "1982"]
[WhiteFideId "2850520"]
[BlackFideId "28500598"]
[EventDate "2025.04.27"]

1. e4 c5 2. d4 cxd4 3. Qxd4 Nc6 4. Qd3 e6 5. Nc3 Nf6 6. Bf4 e5 7. Bg5 Be7 8.
O-O-O d6 9. Bxf6 gxf6 10. Nd5 Be6 11. c3 Qd7 12. Ne2 f5 13. Ng3 fxe4 14. Nxe4
O-O-O 15. g4 Bxg4 16. Ndf6 Bxf6 17. Nxf6 Bf5 18. Bh3 Bxd3 19. Bxd7+ Rxd7 20.
Nxd7 Be2 21. Rxd6 Rd8 22. Re1 Bf3 23. Rf6 e4 24. Nc5 Ne5 25. Kc2 Ng4 26. Rxf7
Nxf2 27. Ne6 Rd6 28. Nd4 Nd3 29. Nxf3 exf3 30. Re8+ Rd8 31. Rxd8+ Kxd8 32. Kxd3 1-0

[Event "Sardinia World Open A"]
[Site "Orosei ITA"]
[Date "2025.04.30"]
[Round "5.21"]
[White "Advaitt Srikant Koduri"]
[Black "Swara Lakshmi S Nair"]
[Result "0-1"]
[BlackTitle "WCM"]
[WhiteElo "2017"]
[BlackElo "2216"]
[WhiteFideId "25185454"]
[BlackFideId "25629239"]
[EventDate "2025.04.27"]

1. d4 Nf6 2. Nf3 g6 3. Bf4 Bg7 4. e3 O-O 5. c3 d6 6. h3 Nfd7 7. Be2 e5 8. Bh2
Nc6 9. O-O f5 10. c4 Kh8 11. Nc3 g5 12. Nd5 g4 13. hxg4 fxg4 14. Nd2 exd4 15.
exd4 Nxd4 16. Bxg4 Ne5 17. Bxc8 Rxc8 18. Qh5 Rf5 19. Qh3 Nxc4 20. Nxc4 Rxd5 21.
Rae1 Qf8 22. Re4 Re8 23. Rg4 Rf5 24. Rh4 h6 25. f4 Rc5 26. Nd2 Nf5 27. Rh5 Re2
28. Rd1 Ne3 29. Rxc5 dxc5 30. Qf3 Rxg2+ 31. Kh1 Bd4 32. Nb3 Nxd1 33. Qxg2 Nf2+
34. Kg1 Nh3+ 35. Kf1 Nxf4 36. Qf3 Ne6 37. Nxd4 cxd4 38. Be5+ Kg8 39. Bf6 Ng5 40.
Qd5+ Qf7 41. Qxd4 Nh7 42. Qg4+ Ng5 43. Qf4 a6 44. b3 Kf8 45. Qf5 Ne6 46. Ke1 b6
47. Kd2 h5 48. Qf3 Kg8 49. Qf5 Nf8 50. Qf3 Qd7+ 51. Kc2 Qg4 52. Qd5+ Ne6 53. Bc3
Kf7 54. Qd7+ Kg6 55. Kb2 Qe2+ 56. Ka3 a5 57. Qd5 Qe3 58. Qg2+ Kf7 59. Qc2 Qc5+
60. Kb2 Ke7 61. Qg6 Kd6 62. Qe8 Qf2+ 63. Kb1 Qf5+ 64. Kb2 h4 65. Qh8 h3 66. Qh6
Kc6 67. Qd2 Kb7 68. Qe1 Qd5 69. Be5 Nc5 0-1

[Event "Sardinia World Open A"]
[Site "Orosei ITA"]
[Date "2025.04.30"]
[Round "5.22"]
[White "Maisuradze, Nino"]
[Black "Stocek, Jiri"]
[Result "1/2-1/2"]
[WhiteTitle "WGM"]
[BlackTitle "GM"]
[WhiteElo "2189"]
[BlackElo "2492"]
[WhiteFideId "13601717"]
[BlackFideId "304760"]
[EventDate "2025.04.27"]

1. d4 Nf6 2. c4 e6 3. Nf3 Bb4+ 4. Nbd2 a5 5. g3 O-O 6. Bg2 d5 7. O-O a4 8. a3
Be7 9. Qc2 Nc6 10. Rd1 h6 11. Rb1 Re8 12. h3 Bd7 13. e4 Qc8 14. e5 Nh7 15. h4
Nf8 16. Nf1 dxc4 17. Qxc4 Na5 18. Qe2 Bc6 19. Bf4 b6 20. Rbc1 Qa6 21. Qxa6 Rxa6
22. Bd2 Nd7 23. Bxa5 bxa5 24. N3d2 Bxg2 25. Kxg2 c5 26. Nc4 cxd4 27. Rxd4 Nb8
28. Nd6 Bxd6 29. exd6 Rd8 30. Rxa4 Nc6 31. b4 Nd4 32. Rc5 Nb3 33. Rc3 axb4 34.
Rxb4 Na5 35. Ra4 Rdxd6 36. Ne3 Nb7 37. Rc8+ Kh7 38. Rxa6 Rxa6 39. Nc4 f6 40. Rc7
Na5 41. Nxa5 Rxa5 42. Rc3 Kg6 43. Kf3 Ra4 44. Ke2 e5 45. Kd2 Kf5 46. Kc2 Ra8 47.
Kb3 Rb8+ 48. Kc4 Kg4 49. a4 Rb2 50. a5 Rxf2 51. Ra3 Rc2+ 52. Kd5 Rd2+ 53. Kc6
Rd8 54. a6 g5 55. a7 e4 56. a8=Q Rxa8 57. Rxa8 Kxg3 58. hxg5 hxg5 59. Kd5 e3 60.
Re8 Kf2 61. Rf8 e2 62. Rxf6+ Ke3 63. Re6+ Kd2 64. Re4 g4 65. Rd4+ Ke3 66. Rxg4
e1=Q 67. Re4+ Kd2 68. Rxe1 Kxe1 69. Ke5 1/2-1/2

[Event "Sardinia World Open A"]
[Site "Orosei ITA"]
[Date "2025.04.30"]
[Round "5.23"]
[White "Gut, Raphael"]
[Black "Panjwani, Raja"]
[Result "0-1"]
[BlackTitle "IM"]
[WhiteElo "2150"]
[BlackElo "2443"]
[WhiteFideId "1339974"]
[BlackFideId "2604493"]
[EventDate "2025.04.27"]

1. d4 Nf6 2. c4 g6 3. Nc3 Bg7 4. e4 d6 5. Be2 O-O 6. Be3 Na6 7. Nf3 e5 8. O-O
Qe7 9. dxe5 dxe5 10. Nd5 Qd8 11. Qc2 Ng4 12. Rad1 Qe8 13. Bc1 c6 14. Ne3 Qe7 15.
a3 Nxe3 16. Bxe3 Bg4 17. b4 c5 18. bxc5 Nxc5 19. Rd5 Rfc8 20. Rfd1 f6 21. Qb1 b6
22. Bxc5 Rxc5 23. Nd4 Bc8 24. Nb5 Be6 25. Rd6 Bf8 26. R6d2 Rc6 27. a4 Bh6 28.
Rd6 Rxd6 29. Nxd6 Rd8 30. Nb5 Rd2 31. Rxd2 Bxd2 32. Qb2 Ba5 33. Nc3 Bxc3 34.
Qxc3 Qc5 35. Kf1 Kf7 36. g3 Qd4 37. Qc2 Bd7 38. Kg2 Bc6 39. f3 Ke7 40. Qc1 Kf7
41. Qc2 Qe3 42. Kf1 Ke7 43. Qb2 a5 44. Qa2 Bd7 45. Kg2 Bxa4 46. Qxa4 Qxe2+ 47.
Kg1 Qxf3 48. Qc6 Qd3 49. Kg2 Qd6 50. Qb7+ Kd8 51. Qxh7 Qd2+ 52. Kf1 Qd3+ 53. Kf2
Qxe4 54. Qg8+ Kc7 55. Qf7+ Kc6 56. Qe8+ Kb7 57. Qd7+ Ka6 58. Qb5+ Ka7 59. Qd7+
Qb7 60. Qd6 Qf7 61. c5 Qa2+ 62. Kg1 Qb1+ 63. Kg2 Qc2+ 64. Kh3 Qxc5 65. Qxf6 Qc2
66. Qf7+ Kb8 67. Qe7 Qe4 68. Qe8+ Kb7 69. Qf7+ Kc6 70. Qe6+ Kc5 71. Qe7+ Kb5 72.
Qd7+ Qc6 73. Qd3+ Kc5 74. Qc2+ Kb5 75. Qb2+ Ka6 76. Qxe5 b5 77. Qd4 Qe6+ 78. Kg2
a4 79. Qd8 Qc6+ 80. Kh3 a3 81. Qe7 Qc3 82. Qd6+ Ka5 83. Qd8+ Kb4 84. Qd6+ Qc5
85. Qd2+ Qc3 86. Qd6+ Ka5 87. Qd8+ Ka4 88. Qa8+ Kb3 89. Qd5+ Qc4 90. Qd1+ Qc2
91. Qd5+ Ka4 92. Qa8+ Kb4 93. Qf8+ Qc5 94. Qf4+ Ka5 95. Qd2+ Ka6 96. Qd8 Qf5+
97. g4 Qf3+ 98. Kh4 Qf2+ 99. Kh3 Qe3+ 100. Kh4 b4 101. Qd6+ Kb5 102. Qxg6 a2
103. Qf5+ Ka4 104. Qc2+ Ka3 105. Qd1 Qc3 106. Qf1 Qh8+ 107. Kg5 Qe5+ 108. Kg6
a1=Q 109. Qf3+ Qac3 110. Qa8+ Kb2 0-1

[Event "Sardinia World Open A"]
[Site "Orosei ITA"]
[Date "2025.04.30"]
[Round "5.24"]
[White "Voiteanu, Gabriel"]
[Black "Vagman, Roy"]
[Result "1-0"]
[WhiteTitle "FM"]
[BlackTitle "FM"]
[WhiteElo "2143"]
[BlackElo "2437"]
[WhiteFideId "1208810"]
[BlackFideId "2828995"]
[EventDate "2025.04.27"]

1. d4 Nf6 2. c4 e6 3. Nf3 d5 4. g3 Be7 5. Bg2 O-O 6. O-O dxc4 7. Qa4 a6 8. Qxc4
b5 9. Qc2 Bb7 10. Bd2 Be4 11. Qc1 Nc6 12. Be3 Rc8 13. Nbd2 Bd5 14. Bg5 Nxd4 15.
Nxd4 Bxg2 16. Nxe6 fxe6 17. Kxg2 Qd5+ 18. Nf3 e5 19. Rd1 Qb7 20. Qe3 Bd6 21. Kg1
Ng4 22. Qb3+ Kh8 23. Be3 Qe4 24. Ng5 Qf5 25. f3 Nxe3 26. Qxe3 Bb4 27. Rd5 Rce8
28. Kg2 Ba5 29. Ne4 Bb6 30. Qg5 Qe6 31. Rd3 Bd4 32. Rc1 Rc8 33. b3 c5 34. Qg4
Qe7 35. e3 c4 36. exd4 Qa3 37. Rcc3 Qxa2+ 38. Rd2 Qa1 39. dxe5 b4 40. Rd7 Rg8
41. Ng5 Rcf8 42. Qe4 1-0

[Event "Sardinia World Open A"]
[Site "Orosei ITA"]
[Date "2025.04.30"]
[Round "5.25"]
[White "Kalosha, Zhiulien Oleksii"]
[Black "Beliman, Alexandro"]
[Result "1-0"]
[WhiteTitle "FM"]
[WhiteElo "2315"]
[BlackElo "2152"]
[WhiteFideId "14183706"]
[BlackFideId "28512413"]
[EventDate "2025.04.27"]

1. e4 c5 2. Nf3 d6 3. d4 cxd4 4. Nxd4 Nf6 5. Nc3 Nc6 6. Bg5 Bd7 7. Qd2 a6 8.
O-O-O e6 9. f3 Nxd4 10. Qxd4 Be7 11. h4 Qc7 12. Qd2 b5 13. Kb1 b4 14. Ne2 a5 15.
Nd4 Rb8 16. g4 O-O 17. h5 a4 18. Bd3 a3 19. b3 h6 20. Be3 e5 21. Nf5 Bxf5 22.
gxf5 Kh7 23. Bc4 d5 24. exd5 Rfd8 25. Qg2 Rb7 26. Rh3 Bf8 27. f4 exf4 28. Bd4
Qd6 29. Ba1 Re7 30. Rhh1 Re3 31. Rhf1 Rde8 32. Bd4 R3e4 33. Qf3 Kh8 34. Ba1 Nh7
35. Bb5 R8e7 36. Bd3 Ng5 37. Qf2 Nh3 38. Qh4 Re3 39. f6 R7e5 40. fxg7+ Bxg7 41.
Bxe5 Bxe5 42. Qg4 Bf6 43. Qf5 Kg7 44. Qh7+ Kf8 45. Qxh6+ Ke7 46. Rde1 Qe5 47.
Rxe3 Qxe3 48. d6+ Ke6 49. Qf8 Qd4 50. Re1+ Kd5 51. Qxf7+ Kxd6 52. Re6+ Kc5 53.
Qc7+ Kd5 54. Qc6# 1-0

[Event "Sardinia World Open A"]
[Site "Orosei ITA"]
[Date "2025.04.30"]
[Round "5.26"]
[White "Floris, Federico"]
[Black "Xu, Grant"]
[Result "0-1"]
[BlackTitle "FM"]
[WhiteElo "2096"]
[BlackElo "2304"]
[WhiteFideId "898287"]
[BlackFideId "2052318"]
[EventDate "2025.04.27"]

1. e4 g6 2. d4 Bg7 3. Nc3 c6 4. Be3 d5 5. e5 Nh6 6. Qd2 Nf5 7. Bf4 h5 8. Nf3 Nd7
9. O-O-O b5 10. Bd3 e6 11. h3 Qa5 12. Kb1 b4 13. Ne2 c5 14. dxc5 Nxc5 15. g4 Ne7
16. Ned4 Bd7 17. Qe1 Rb8 18. Bd2 Qb6 19. Qe2 a5 20. Nb3 a4 21. Nbd4 Qb7 22. Ng5
Nc6 23. Nxc6 Bxc6 24. f4 b3 25. cxb3 axb3 26. a3 Nxd3 27. Qxd3 Qb5 28. Qd4 Bf8
29. Be3 Ra8 30. Rc1 Ra4 31. Qc3 Rc4 32. Qd2 hxg4 33. Rxc4 dxc4 34. Rd1 Bd5 35.
hxg4 Rh4 36. Rg1 Be7 37. Qd4 Qb7 38. Qb6 Qxb6 39. Bxb6 Rh2 40. Bd4 Bd8 41. Rf1
Rh4 42. Rg1 Ba5 43. Bc5 Rh2 44. Rf1 c3 45. bxc3 Bxc3 46. Bb4 Bc4 47. Rd1 Bd3+ 0-1

[Event "Sardinia World Open A"]
[Site "Orosei ITA"]
[Date "2025.04.30"]
[Round "5.27"]
[White "Ypma, Peter"]
[Black "Karanikolas, Dimitrios"]
[Result "1/2-1/2"]
[WhiteTitle "FM"]
[WhiteElo "2288"]
[BlackElo "2054"]
[WhiteFideId "1027255"]
[BlackFideId "4202589"]
[EventDate "2025.04.27"]

1. c4 e6 2. g3 Nf6 3. Bg2 d5 4. Nf3 Be7 5. d4 O-O 6. O-O b6 7. b3 Bb7 8. Bb2
Nbd7 9. Nbd2 dxc4 10. Nxc4 c5 11. e3 cxd4 12. Nxd4 Bxg2 13. Kxg2 Qc7 14. Qf3
Rfc8 15. Rac1 Nc5 16. Nb5 Qd7 17. Nc3 Qb7 18. Qxb7 Nxb7 19. Rfd1 Kf8 20. Ne5 Nd6
21. Ne2 Rxc1 22. Rxc1 Rc8 23. Nc6 a6 24. f3 Nb7 25. b4 Nd5 26. Nxe7 Rxc1 27.
Bxc1 Nxe7 28. e4 Nc6 29. a3 b5 30. Nc3 Nd6 31. Be3 Nc4 32. Bc5+ Ke8 33. a4 1/2-1/2

[Event "Sardinia World Open A"]
[Site "Orosei ITA"]
[Date "2025.04.30"]
[Round "5.28"]
[White "Duraccio, Walter Mattia"]
[Black "Haver, Bas"]
[Result "1-0"]
[BlackTitle "FM"]
[WhiteElo "2020"]
[BlackElo "2281"]
[WhiteFideId "2865713"]
[BlackFideId "1039849"]
[EventDate "2025.04.27"]

1. c4 e5 2. g3 c6 3. Nf3 e4 4. Nd4 Qb6 5. Nb3 Nf6 6. Bg2 a5 7. d3 a4 8. N3d2 Bc5
9. O-O Bxf2+ 10. Rxf2 e3 11. Rxf6 exd2+ 12. Rf2 dxc1=Q 13. Qxc1 d6 14. Nc3 O-O
15. Qc2 a3 16. b3 Na6 17. Rf1 Qe3 18. Nd1 Qh6 19. Qc3 Bg4 20. d4 Qh5 21. Qd2
Rae8 22. Nc3 Re6 23. e4 Rh6 24. Bf3 Nc7 25. Qf4 Bxf3 26. Qxf3 Qxf3 27. Rxf3 Ne6
28. Rd3 Re8 29. Rf5 c5 30. Nb5 Nxd4 31. Nxd4 cxd4 32. Rxd4 b6 33. Rb5 f5 34.
Rxb6 fxe4 35. Rbxd6 e3 36. Rd8 Re6 37. Rxe8+ Rxe8 38. Kf1 Rf8+ 39. Ke2 Rf2+ 40.
Kxe3 Rxa2 41. Rd8+ Kf7 42. Ra8 Ke6 43. Kd4 Kd6 44. Ra6+ Kc7 45. Kc5 Kb7 46. Ra4
Rxh2 47. Rxa3 Rh3 48. b4 h5 49. Rf3 g5 50. b5 h4 51. Rf7+ Kc8 52. gxh4 Rxh4 53.
Rg7 Rg4 54. b6 Kb8 55. Kb5 Rf4 56. Rxg5 Rf1 57. c5 Rf6 58. Rg8+ Kb7 59. c6+ Rxc6
60. Rg7+ 1-0

[Event "Sardinia World Open A"]
[Site "Orosei ITA"]
[Date "2025.04.30"]
[Round "5.29"]
[White "Pranava Ravikumar"]
[Black "Blom, Vincent"]
[Result "0-1"]
[BlackTitle "FM"]
[WhiteElo "2016"]
[BlackElo "2274"]
[WhiteFideId "25674196"]
[BlackFideId "1014358"]
[EventDate "2025.04.27"]

1. d4 d5 2. Bg5 h6 3. Bh4 c6 4. c3 Bf5 5. e3 Qb6 6. Qb3 Nd7 7. Nf3 Ngf6 8. Nbd2
g5 9. Bg3 Nh5 10. O-O-O Bg7 11. Be2 Nxg3 12. hxg3 e6 13. Ne1 c5 14. Bb5 O-O-O
15. Qa4 e5 16. e4 a6 17. Bxa6 Bxe4 18. Nxe4 dxe4 19. Bc4 exd4 20. Bxf7 Rhf8 21.
Bb3 Rxf2 22. Nc2 Ne5 23. cxd4 Nd3+ 24. Kb1 cxd4 25. Rhf1 Kb8 26. Rxf2 Nxf2 27.
Re1 d3 28. Na3 d2 29. Rf1 d1=Q+ 30. Rxd1 Rxd1+ 31. Kc2 Qc6+ 32. Qc4 Qxc4+ 0-1

[Event "Sardinia World Open A"]
[Site "Orosei ITA"]
[Date "2025.04.30"]
[Round "5.30"]
[White "Maldonado Gonzales, Stefano"]
[Black "Alaime, Maxime"]
[Result "1-0"]
[WhiteElo "2228"]
[BlackElo "2029"]
[WhiteFideId "28540778"]
[BlackFideId "36045403"]
[EventDate "2025.04.27"]

1. e4 c5 2. Nf3 Nc6 3. d4 cxd4 4. Nxd4 e5 5. Nb5 d6 6. c4 g6 7. N1c3 a6 8. Na3
Nf6 9. Nc2 Bg7 10. Be2 O-O 11. O-O Be6 12. Be3 Rc8 13. Rc1 Na5 14. b3 b5 15. Nd5
Bxd5 16. exd5 bxc4 17. b4 Nb7 18. Na3 a5 19. b5 c3 20. Nc4 Ne4 21. f3 Nec5 22.
Rxc3 f5 23. Rc1 Qf6 24. Re1 Rce8 25. Qd2 f4 26. Bxc5 Nxc5 27. Nxa5 e4 28. Nc6
Qh4 29. Rf1 Rf5 30. Qe1 Qg5 31. fxe4 Rxe4 32. Qd2 Rxd5 33. Bc4 Rxc4 34. Qxd5+
Qxd5 35. Ne7+ Kf7 36. Nxd5 Rxc1 37. Rxc1 Bd4+ 38. Kf1 g5 39. b6 Ke6 40. Nc7+ Kd7
41. Nb5 Be5 42. b7 1-0

[Event "Sardinia World Open A"]
[Site "Orosei ITA"]
[Date "2025.04.30"]
[Round "5.31"]
[White "Sarabando, Rodrigo Andias"]
[Black "Destic, Elena"]
[Result "1-0"]
[WhiteElo "2211"]
[BlackElo "1939"]
[WhiteFideId "1950010"]
[BlackFideId "36001988"]
[EventDate "2025.04.27"]

1. d4 c6 2. Nf3 Nf6 3. c4 d5 4. Qc2 e6 5. g3 Ne4 6. Bg2 f5 7. O-O Nd7 8. Bf4 Be7
9. Ne5 Nxe5 10. Bxe5 O-O 11. e3 Nd6 12. Bxd6 Qxd6 13. Nd2 b6 14. Rfc1 Bf6 15. c5
bxc5 16. Qxc5 Qxc5 17. Rxc5 Bd7 18. f4 Be7 19. Rc2 Rab8 20. Rac1 Rb6 21. Nf3 Rc8
22. Ne5 Be8 23. Nd3 Rcb8 24. Bf3 a5 25. Bd1 a4 26. Rf2 a3 27. b3 Rc8 28. Rfc2 g6
29. Kf2 Kf7 30. Be2 Kf6 31. g4 Bd6 32. h4 Rb7 33. Rg1 Rbc7 34. Nc5 Ra7 35. Rgc1
Rb8 36. Nd3 Rc7 37. g5+ Ke7 38. h5 Rbc8 39. Nc5 Ra7 40. hxg6 hxg6 41. Rh1 Bf7
42. Rh7 Rb8 43. Na4 Rc7 44. Rh1 Rbc8 45. Nc5 Ra7 46. Na6 Be8 47. Rh7+ Bf7 48.
Bd3 Rb7 49. Rc3 Rb6 50. Rh1 Be8 51. Kf3 Bf7 52. Rb1 Ra8 53. Nc5 Rab8 54. Na4 Rb4
55. Rh1 Rc8 56. Ba6 Rc7 57. Rh8 Be8 58. Bd3 Ra7 59. Rh7+ Bf7 60. Rxc6 Rbb7 61.
Rc1 Rc7 62. Rhh1 Bb4 63. Nc5 Kd6 64. Na6 Rxc1 65. Rxc1 Ba5 66. b4 Bb6 67. Rc3
Be8 68. Rxa3 Bd7 69. Rc3 Ba4 70. Rc1 Rh7 71. Kg3 Bc6 72. b5 Bb7 73. Nc5 Ba8 74.
Na6 Bb7 75. a4 Ba5 76. Rc2 Rh1 77. Nc5 Ba8 78. Nb3 Be1+ 79. Kg2 Rh4 80. Be2 1-0

[Event "Sardinia World Open A"]
[Site "Orosei ITA"]
[Date "2025.04.30"]
[Round "5.32"]
[White "Grot, Blazej"]
[Black "Akshat Sureka"]
[Result "0-1"]
[WhiteTitle "CM"]
[WhiteElo "2206"]
[BlackElo "2009"]
[WhiteFideId "21835845"]
[BlackFideId "25774492"]
[EventDate "2025.04.27"]

1. e4 c5 2. Nf3 d6 3. Bb5+ Nd7 4. c3 a6 5. Ba4 Nf6 6. Qe2 b5 7. Bc2 Bb7 8. O-O
e5 9. d4 g6 10. Rd1 Qe7 11. a4 exd4 12. cxd4 b4 13. Bf4 Bxe4 14. dxc5 d5 15. Bd6
Bxf3 16. Qxf3 Qe6 17. Nc3 Bxd6 18. Nxd5 Bxh2+ 19. Kxh2 O-O 20. Kg1 Nxd5 21. Qxd5
Nxc5 22. Qxc5 Rac8 23. Qxb4 Rxc2 24. Rac1 Qe2 25. Rxc2 Qxd1+ 0-1

[Event "Sardinia World Open A"]
[Site "Orosei ITA"]
[Date "2025.04.30"]
[Round "5.33"]
[White "Brunello, Marina"]
[Black "Vihaan Karthikeya N"]
[Result "1-0"]
[WhiteTitle "IM"]
[WhiteElo "2325"]
[BlackElo "2025"]
[WhiteFideId "822590"]
[BlackFideId "25950673"]
[EventDate "2025.04.27"]

1. e4 c6 2. d4 d5 3. e5 Bf5 4. Nf3 e6 5. Be2 c5 6. O-O Nc6 7. c3 cxd4 8. Nxd4
Nge7 9. Bg5 Nxd4 10. cxd4 Qd7 11. Nc3 Nc6 12. Rc1 h6 13. Be3 Be7 14. Na4 O-O 15.
Nc5 Bxc5 16. Rxc5 Rac8 17. Qd2 b6 18. Rc3 Na5 19. Rfc1 Nc4 20. Bxc4 dxc4 21.
Rxc4 Rxc4 22. Rxc4 Rc8 23. b3 b5 24. Rxc8+ Qxc8 25. f3 Qc2 26. Qa5 Qd1+ 27. Kf2
Qc2+ 28. Kg3 Qd3 29. Bf2 g5 30. h3 Kg7 31. Kh2 Qc2 32. Be3 Bd3 33. Qe1 Qxa2 34.
d5 Qb2 35. Bd2 Qxb3 36. d6 b4 37. Bxb4 Qd5 38. Qc3 Bb5 39. Ba5 Qa2 40. Qe1 Qd5
41. Bd8 Qd4 42. Bf6+ Kg6 43. Qb1+ Bd3 44. Qc1 a5 45. Qc8 Qf4+ 46. Kh1 Bb5 47. d7
Bxd7 48. Qxd7 Qc1+ 49. Kh2 Qf4+ 50. Kg1 a4 51. Qd3+ Kh5 52. Be7 Qxe5 53. Bd6
Qe1+ 54. Kh2 f5 55. Bg3 Qa1 56. Qd7 Qf6 57. Qe8+ Qg6 58. Qxa4 Qf7 59. Be5 Kg6
60. Qc6 h5 61. Qc7 Qxc7 62. Bxc7 f4 63. h4 Kf5 64. hxg5 Kxg5 65. Kh3 Kf5 66. Kh4
e5 67. Kxh5 e4 68. fxe4+ Kxe4 69. Kg4 Kd5 70. Kf5 Kc6 71. Bxf4 Kd7 72. Kf6 Ke8
73. Bd6 1-0

[Event "Sardinia World Open A"]
[Site "Orosei ITA"]
[Date "2025.04.30"]
[Round "5.34"]
[White "Panjer, Sidney"]
[Black "Romanishin, Oleg M"]
[Result "1/2-1/2"]
[BlackTitle "GM"]
[WhiteElo "2172"]
[BlackElo "2291"]
[WhiteFideId "16207041"]
[BlackFideId "14100088"]
[EventDate "2025.04.27"]

1. d4 Nf6 2. c4 e6 3. Nf3 b6 4. Bf4 Bb7 5. e3 Bb4+ 6. Nfd2 O-O 7. a3 Be7 8. Nc3
d6 9. Qc2 Nbd7 10. O-O-O c5 11. d5 e5 12. Bg3 a6 13. f4 Ng4 14. Re1 f5 15. h3
Nh6 16. Bf2 e4 17. g4 Bh4 18. Bxh4 Qxh4 19. Be2 Rae8 20. Reg1 Bc8 21. Nf1 Kh8
22. Ng3 g5 23. Nxf5 Nxf5 24. gxf5 gxf4 25. Nxe4 Qe7 26. Qc3+ 1/2-1/2

[Event "Sardinia World Open A"]
[Site "Orosei ITA"]
[Date "2025.04.30"]
[Round "5.35"]
[White "Costantino, Claudio Emanuele"]
[Black "Solomon, Kenny"]
[Result "1/2-1/2"]
[BlackTitle "GM"]
[WhiteElo "2096"]
[BlackElo "2272"]
[WhiteFideId "28505697"]
[BlackFideId "14300192"]
[EventDate "2025.04.27"]

1. e4 d6 2. d4 g6 3. Nc3 c6 4. a4 Bg7 5. Nf3 Nf6 6. Be2 O-O 7. O-O Qc7 8. a5 e5
9. h3 Re8 10. dxe5 dxe5 11. Be3 h6 12. Bc4 Kh7 13. Qe2 Nh5 14. Rfd1 Qe7 15. Qd2
Be6 16. Bxe6 Qxe6 17. Qd6 Qxd6 18. Rxd6 Bf8 19. Rdd1 Nf6 20. Nd2 Na6 21. Nc4 Re6
22. Kf1 Nc5 23. f3 Na6 24. Ke2 Kg8 25. Bg1 Bc5 26. Bxc5 Nxc5 27. Ke3 Kg7 28. Rd2
Na6 29. Ra3 Re7 30. Ra1 Nb4 31. Ne2 Rb8 32. c3 Na6 33. Rad1 Rf8 34. Nc1 Nc5 35.
Rd6 Ne8 36. Rd8 Nf6 37. R8d6 Ne8 38. Rd8 Nf6 1/2-1/2

[Event "Sardinia World Open A"]
[Site "Orosei ITA"]
[Date "2025.04.30"]
[Round "5.36"]
[White "Shvedova, Alexandra"]
[Black "Hu, Jiani"]
[Result "0-1"]
[WhiteTitle "WFM"]
[BlackTitle "WFM"]
[WhiteElo "2266"]
[BlackElo "2091"]
[WhiteFideId "54154782"]
[BlackFideId "8610312"]
[EventDate "2025.04.27"]

1. d4 d5 2. c4 e6 3. Nf3 c5 4. cxd5 exd5 5. g3 Nf6 6. Bg2 Be7 7. dxc5 Bxc5 8.
O-O O-O 9. a3 Nc6 10. b4 Be7 11. Nc3 Bg4 12. Bb2 Rc8 13. Rc1 Re8 14. Qd3 a5 15.
b5 Bxf3 16. Qxf3 Ne5 17. Qf5 Bc5 18. Nxd5 Nxd5 19. Bxe5 g6 20. Qe4 Nb6 21. Qf4
Nd5 22. Bxd5 Qxd5 23. Bc3 Bxa3 24. Qh6 Bf8 25. Qh4 Bg7 26. Bxa5 Qxb5 27. Bd2
Qxe2 28. Qf4 Qe5 29. Qg4 Rxc1 30. Rxc1 Qd4 31. Bf4 h5 32. Qg5 Qe4 33. Be3 Bd4
34. Bxd4 Qxd4 35. Qb5 Qe4 36. h4 Kg7 37. Rc7 Re7 38. Qb2+ Kh7 39. Rc8 Qe5 40.
Qb6 Qf5 41. Rh8+ Kxh8 42. Qd8+ Kg7 43. Qxe7 b5 44. Qe2 Qb1+ 45. Kg2 Qb3 46. g4
hxg4 47. Qxg4 Qc4 48. Qg3 Qe4+ 49. Kg1 b4 50. h5 Kh6 51. Qb3 gxh5 52. Kf1 Kg6
53. Qg3+ Qg4 54. Qd6+ f6 55. Qd3+ Qf5 56. Qg3+ Kh6 57. Qd6 Qb5+ 58. Kg2 Kg6 59.
Qe6 b3 60. Qg8+ Kf5 61. Qf7 Qc6+ 62. f3 b2 63. Qxh5+ Ke6 64. Qg6 Qc1 65. Qe4+
Kd6 66. Qd4+ Kc7 67. Qa7+ Kc6 68. Qa4+ Kc5 69. Qa5+ Kc4 70. Qa6+ Kb3 71. Qb5+
Kc2 72. Qc4+ Kb1 73. Qb4 Qc2+ 74. Kg3 Kc1 75. Qe1+ Qd1 76. Qc3+ Kb1 77. Qb4 Qg1+
78. Kh3 Qg5 79. f4 Qf5+ 80. Kh4 Qh7+ 81. Kg3 Qd3+ 82. Kh4 Kc2 83. Qc5+ Kd1 84.
Qg1+ Kd2 85. Qg2+ Kc1 86. Qg1+ Kc2 87. Qg2+ Qd2 88. Qe4+ Kb3 89. Qe6+ Kc2 90.
Qe4+ Qd3 91. Qg2+ Kc3 92. Qc6+ Kd2 93. Qg2+ Qe2 94. Qd5+ Ke1 95. Qh1+ Kf2 96.
Qb1 Kf3 97. Kh5 Kxf4+ 98. Kh6 Ke5 99. Kg7 Qd2 100. Kg6 Qg5+ 101. Kf7 Qc1 102.
Qg6 Qc7+ 103. Ke8 Qb8+ 104. Ke7 Qb7+ 105. Kd8 b1=Q 106. Qg3+ Ke6 107. Qg4+ Qf5
108. Qe2+ Qfe4 0-1

[Event "Sardinia World Open A"]
[Site "Orosei ITA"]
[Date "2025.04.30"]
[Round "5.37"]
[White "Kienboeck, Benjamin"]
[Black "Nortier, Julien"]
[Result "0-1"]
[WhiteTitle "FM"]
[WhiteElo "2240"]
[BlackElo "2083"]
[WhiteFideId "1649353"]
[BlackFideId "36084140"]
[EventDate "2025.04.27"]

1. e4 d6 2. d4 Nf6 3. Nc3 g6 4. Be3 c6 5. Qd2 Nbd7 6. f3 b5 7. h4 Nb6 8. b3 Qc7
9. g4 h5 10. g5 Nfd7 11. Bh3 Bg7 12. a4 b4 13. Nce2 a5 14. Rd1 c5 15. d5 Ne5 16.
Bg2 Ba6 17. Kf2 O-O 18. Kg3 Nec4 19. bxc4 Nxc4 20. Qd3 Nb2 21. Qd2 Nxd1 22. Qxd1
Qd7 23. f4 Qxa4 24. Nf3 Qb5 25. Bf1 a4 26. Nc1 Qb7 27. Nd2 Bxf1 28. Qxf1 Bc3 29.
Rh2 Rfb8 30. Qd3 Bxd2 31. Bxd2 Qc8 32. f5 c4 33. Qd4 c3 34. Be1 Qc5 35. Bf2 b3
36. Qd1 Qc4 0-1